Ritu's letter gets longer/ (Record no. 51516)

MARC details
000 -LEADER
fixed length control field 01415nam a22002417a 4500
005 - DATE AND TIME OF LATEST TRANSACTION
control field 20110408105146.0
020 ## - INTERNATIONAL STANDARD BOOK NUMBER
International Standard Book Number 9788184791952
Terms of availability 25.00
035 ## - SYSTEM CONTROL NUMBER
System control number B-432394-398
037 ## - SOURCE OF ACQUISITION
Stock number DPL
Source of stock number/acquisition Blue Berry
082 ## - DEWEY DECIMAL CLASSIFICATION NUMBER
Classification number S
100 ## - MAIN ENTRY--PERSONAL NAME
Personal name Kumar, Mala
245 ## - TITLE STATEMENT
Title Ritu's letter gets longer/
Statement of responsibility, etc by Mala Kumar ; illustrated by Henu
260 ## - PUBLICATION, DISTRIBUTION, ETC. (IMPRINT)
Place of publication, distribution, etc New Delhi
Name of publisher, distributor, etc Pratham Books
Date of publication, distribution, etc 2010
270 ## - ADDRESS
Address 633-634,4th "C" Main,6th 'B' Cross, OMBR Layout Banaswadi,
City Bangalore
Postal code 560043
Telephone number 911141042483 (New Delhi)
300 ## - PHYSICAL DESCRIPTION
Extent 20p.
Other physical details ill.
Dimensions 23cm.(pbk)
942 ## - ADDED ENTRY ELEMENTS (KOHA)
Source of classification or shelving scheme Dewey Decimal Classification
Item type Children Books
Classification part S
Call number suffix KUM
Holdings
Withdrawn status Lost status Not for loan Collection code Home library Current library Date acquired Source of acquisition Cost, normal purchase price Full call number Barcode Copy number Cost, replacement price Koha item type
      Fiction Bawana Bawana 21/07/2011 Blue Berry/6363/25.3.11/83/21.3.11/31.3.11 25.00 S KUM B-432397 1 25.00 Children Books
      Fiction Central Library Central Library 21/07/2011 Blue Berry/6363/25.3.11/83/21.3.11/31.3.11 25.00 S KUM B-432394 1 25.00 Children Books
  Written-off vide DLB M. No. 383 dt 16.05.19   Fiction Patel Nagar Patel Nagar 21/07/2011 Blue Berry/6363/25.3.11/83/21.3.11/31.3.11 25.00 S KUM B-432395 1 25.00 Children Books
      Fiction Sarojini Nagar Sarojini Nagar 21/07/2011 Blue Berry/6363/25.3.11/83/21.3.11/31.3.11 25.00 S KUM B-432396 1 25.00 Children Books
  Lost and Paid For   Fiction Shahdara Branch Shahdara Branch 21/07/2011 Blue Berry/6363/25.3.11/83/21.3.11/31.3.11 25.00 S KUM B-432398 1 25.00 Children Books

© Delhi Public Library
Hit Counter
free hit counter